| 000 | 00476nam a2200169 4500 | ||
|---|---|---|---|
| 005 | 20250703150001.0 | ||
| 008 | cu123 | ||
| 020 | _a9781461373629 | ||
| 050 |
_aHD2745.B467 BER _b1 |
||
| 100 | _aBERGHE,VAN Den Lutgart | ||
| 245 |
_aInternational standardisation of Good corporate governance: _bbest practices for the board of directors |
||
| 260 |
_aGermany _bKluwer Academics _c1999 |
||
| 300 | _a237p | ||
| 500 | _aindex | ||
| 700 | _aRIDDER,DE.Liesbeth | ||
| 942 |
_2lcc _cBK _n0 |
||
| 999 |
_c6832 _d6832 |
||